[Event "FISCA Online op"]
[Site "Chess.com INT"]
[Date "2020.06.27"]
[Round "8"]
[White "Bernadskiy, Vitaliy"]
[Black "Chilukuri, Sai Varshith"]
[Result "1/2-1/2"]
[WhiteElo "2629"]
[BlackElo "1943"]
[PlyCount "96"]
[EventDate "2020.06.19"]
[EventType "swiss"]
[EventRounds "9"]
[EventCountry "ROU"]
[SourceTitle "CBM 197 Extra"]
[Source "ChessBase"]
[SourceDate "2020.09.30"]
[SourceVersion "1"]
[SourceVersionDate "2020.09.30"]
[SourceQuality "1"]

1. e4 c5 2. Nf3 Nc6 3. b4 Nxb4 4. c3 Nc6 5. d4 cxd4 6. cxd4 d5 7. exd5 Qxd5 8. Nc3 Qa5 9. Bd2 e6 10. Bb5 Bb4 11. Qb3 Nge7 12. a3 0-0 13. 0-0 Bxc3 14. Bxc3 Qb6 15. Qa4 a6 16. Bd3 Nd5 17. Bd2 Bd7 18. Rab1 Ne5 19. Bxh7+ Kh8 20. Qd1 Nxf3+ 21. Qxf3 Qxd4 22. Bd3 f5 23. Rxb7 Bc6 24. Rbb1 Bb5 25. Bxb5 axb5 26. Bg5 Qa4 27. Rfe1 Ra6 28. Rb3 Qg4 29. Qxg4 fxg4 30. Rxb5 Rxa3 31. Bh4 Rf4 32. Bg3 Re4 33. Rbb1 Raa4 34. Kf1 Kg8 35. Rxe4 Rxe4 36. Re1 Rxe1+ 37. Kxe1 Kf7 38. Ke2 Kf6 39. Kd3 Kf5 40. Kd4 g6 41. Bd6 Nf4 42. Bxf4 Kxf4 43. Kc5 e5 44. Kd5 Kf5 45. Kd6 Kf6 46. Kd5 Kf5 47. Kd6 Kf6 48. Kd5 Kf5 1/2-1/2

[Event "FISCA Online op"]
[Site "Chess.com INT"]
[Date "2020.06.26"]
[Round "7"]
[White "Chilukuri, Sai Varshith"]
[Black "Schitco, Ivan"]
[Result "1/2-1/2"]
[WhiteElo "1943"]
[BlackElo "2467"]
[PlyCount "86"]
[EventDate "2020.06.19"]
[EventType "swiss"]
[EventRounds "9"]
[EventCountry "ROU"]
[SourceTitle "CBM 197 Extra"]
[Source "ChessBase"]
[SourceDate "2020.09.30"]
[SourceVersion "1"]
[SourceVersionDate "2020.09.30"]
[SourceQuality "1"]

1. d4 d5 2. c4 dxc4 3. Nf3 a6 4. e3 Bg4 5. Bxc4 e6 6. 0-0 Nf6 7. h3 Bh5 8. Nc3 Nc6 9. Be2 Bd6 10. a3 0-0 11. b4 Nd5 12. Bb2 Qe8 13. Ne4 f5 14. Nc5 Nd8 15. Rc1 b6 16. Nd3 Nf7 17. Qb3 Ng5 18. Nxg5 Bxe2 19. Rfe1 Bxd3 20. Qxd3 h6 21. Nf3 Qb5 22. Qxb5 axb5 23. Nd2 Kf7 24. Nb1 g5 25. Nc3 Nxc3 26. Rxc3 Ke7 27. Rc2 h5 28. f3 g4 29. hxg4 hxg4 30. f4 Rac8 31. Rd1 c6 32. Kf2 Kd7 33. Rh1 Rh8 34. Rxh8 Rxh8 35. d5 Rc8 36. dxc6+ Rxc6 37. Rxc6 Kxc6 38. Ke2 Kd5 39. Kd3 e5 40. g3 e4+ 41. Kc2 Kc4 42. Bf6 Bc7 43. Be7 Kd5 1/2-1/2

[Event "FISCA Online op"]
[Site "Chess.com INT"]
[Date "2020.06.23"]
[Round "5"]
[White "Chilukuri, Sai Varshith"]
[Black "Terry, Renato"]
[Result "1/2-1/2"]
[WhiteElo "1943"]
[BlackElo "2504"]
[PlyCount "65"]
[EventDate "2020.06.19"]
[EventType "swiss"]
[EventRounds "9"]
[EventCountry "ROU"]
[SourceTitle "CBM 197 Extra"]
[Source "ChessBase"]
[SourceDate "2020.09.30"]
[SourceVersion "1"]
[SourceVersionDate "2020.09.30"]
[SourceQuality "1"]

1. d4 e6 2. c4 Bb4+ 3. Nd2 Nf6 4. Ngf3 a5 5. a3 Bxd2+ 6. Qxd2 b6 7. b3 Bb7 8. e3 d6 9. Be2 Nbd7 10. Bb2 0-0 11. 0-0 Ne4 12. Qc2 Ng5 13. Nd2 f5 14. f3 Nf7 15. Bd3 Nh6 16. b4 Qg5 17. Rae1 axb4 18. axb4 c5 19. b5 Kh8 20. Nb3 Qh4 21. dxc5 dxc5 22. e4 f4 23. Qc3 e5 24. Bb1 Qe7 25. Rd1 Nf7 26. Nc1 Rfe8 27. Rd2 Nf6 28. Rfd1 Qe6 29. Ne2 Ra4 30. Bd3 h6 31. Qc2 Raa8 32. Nc3 Rec8 33. Be2 1/2-1/2

[Event "FISCA Online op"]
[Site "Chess.com INT"]
[Date "2020.06.21"]
[Round "3"]
[White "Chilukuri, Sai Varshith"]
[Black "Vlasenko, Miroslav"]
[Result "0-1"]
[WhiteElo "1943"]
[BlackElo "2431"]
[PlyCount "60"]
[EventDate "2020.06.19"]
[EventType "swiss"]
[EventRounds "9"]
[EventCountry "ROU"]
[SourceTitle "CBM 197 Extra"]
[Source "ChessBase"]
[SourceDate "2020.09.30"]
[SourceVersion "1"]
[SourceVersionDate "2020.09.30"]
[SourceQuality "1"]

1. d4 Nf6 2. c4 e6 3. Nf3 Bb4+ 4. Nbd2 b6 5. a3 Bxd2+ 6. Qxd2 Bb7 7. g3 d6 8. Bg2 Nbd7 9. 0-0 0-0 10. b4 Qe7 11. Bb2 Ne4 12. Qc2 f5 13. Rfd1 Ndf6 14. Ne1 Ng4 15. Nd3 f4 16. Bc1 fxg3 17. fxg3 Qf6 18. Nf4 Ngf2 19. Be3 Nxd1 20. Rxd1 g5 21. Nh3 Qf5 22. Nxg5 Nxg3 23. Qxf5 Nxf5 24. Bxb7 Nxe3 25. Rc1 Rae8 26. Bf3 h6 27. Ne4 Re7 28. c5 Rg7+ 29. Kh1 bxc5 30. bxc5 d5 0-1

[Event "Hannibal Online op U14"]
[Site "Chess.com INT"]
[Date "2020.06.01"]
[Round "1"]
[White "Molnar, Mihai Roland"]
[Black "Chilukuri, Sai Varshith"]
[Result "0-1"]
[WhiteElo "1196"]
[BlackElo "1943"]
[PlyCount "54"]
[EventDate "2020.06.01"]
[EventType "swiss"]
[EventRounds "9"]
[EventCountry "MDA"]
[SourceTitle "CBM 196 Extra"]
[Source "ChessBase"]
[SourceDate "2020.07.31"]
[SourceVersion "1"]
[SourceVersionDate "2020.07.31"]
[SourceQuality "1"]

1. e4 e5 2. Nf3 Nc6 3. d4 exd4 4. Nxd4 Bc5 5. Be3 Qf6 6. c3 Nge7 7. Bc4 d6 8. 0-0 Ne5 9. Be2 Qg6 10. Nd2 a6 11. N4f3 Nxf3+ 12. Bxf3 Bxe3 13. fxe3 Nc6 14. Bh5 Qh6 15. Bxf7+ Ke7 16. Qe2 Ne5 17. Bb3 Bg4 18. Qe1 Raf8 19. Qg3 Be2 20. Rf4 Nd3 21. Rf5 Nxb2 22. Nf3 Qxe3+ 23. Kh1 g6 24. Rf7+ Rxf7 25. Bxf7 Bxf3 26. Rf1 Rf8 27. Rxf3 Qc1+ 0-1

[Event "Mumbai Wealth op 5th"]
[Site "Mumbai"]
[Date "2020.01.07"]
[Round "9"]
[White "Gandhi, Anish"]
[Black "Chilukuri, Sai Varshith"]
[Result "0-1"]
[WhiteElo "2168"]
[BlackElo "2118"]
[PlyCount "66"]
[EventDate "2019.12.30"]
[EventType "swiss"]
[EventRounds "9"]
[EventCountry "IND"]
[SourceTitle "CBM 194 Extra"]
[Source "ChessBase"]
[SourceDate "2020.03.31"]
[SourceVersion "1"]
[SourceVersionDate "2020.03.31"]
[SourceQuality "1"]

1. d4 Nf6 2. c4 g6 3. Nc3 d5 4. cxd5 Nxd5 5. e4 Nxc3 6. bxc3 Bg7 7. Bc4 c5 8. Ne2 Nc6 9. Be3 0-0 10. h4 cxd4 11. cxd4 Qa5+ 12. Kf1 Qa3 13. h5 Bg4 14. hxg6 hxg6 15. Rb1 Rfd8 16. Rh4 Bxe2+ 17. Qxe2 Nxd4 18. Bxd4 Rxd4 19. Rh3 Qd6 20. Rf3 e6 21. g3 Rc8 22. Bb3 Rd2 23. Qe3 Rc3 24. Qf4 Qxf4 25. Rxf4 Be5 26. Rh4 Rf3 27. Rh2 Bxg3 28. Rg2 Bxf2 29. Bd1 Rh3 30. Rxf2 Rh1+ 31. Kg2 Rhxd1 32. Rxd1 Rxd1 33. Rc2 Rb1 0-1

[Event "Mumbai Wealth op 5th"]
[Site "Mumbai"]
[Date "2020.01.05"]
[Round "7"]
[White "Jeet, Jain"]
[Black "Chilukuri, Sai Varshith"]
[Result "1/2-1/2"]
[WhiteElo "2258"]
[BlackElo "2118"]
[PlyCount "105"]
[EventDate "2019.12.30"]
[EventType "swiss"]
[EventRounds "9"]
[EventCountry "IND"]
[SourceTitle "CBM 194 Extra"]
[Source "ChessBase"]
[SourceDate "2020.03.31"]
[SourceVersion "1"]
[SourceVersionDate "2020.03.31"]
[SourceQuality "1"]

1. e4 c5 2. Nf3 Nc6 3. d4 cxd4 4. Nxd4 Nf6 5. Nc3 e5 6. Ndb5 d6 7. Bg5 a6 8. Na3 b5 9. Nd5 Be7 10. Bxf6 Bxf6 11. c4 b4 12. Nc2 0-0 13. h4 a5 14. g3 Be6 15. Bg2 a4 16. Nxf6+ Qxf6 17. b3 axb3 18. axb3 Rxa1 19. Qxa1 Qd8 20. Qa4 Qb6 21. 0-0 Rb8 22. Rd1 Qc5 23. Ra1 g6 24. Qa2 h5 25. Qb2 Rb7 26. Ra8+ Rb8 27. Ra4 Rb7 28. Ra1 Ra7 29. Rd1 Ra6 30. Rd2 Ra7 31. Kh2 f6 32. Bh3 Bf7 33. Qb1 Kf8 34. Kg2 Ke7 35. Qb2 Ra8 36. Rd1 Ra5 37. Kg1 Qa7 38. Qb1 Qc5 39. Bc8 Nd8 40. Bh3 Nc6 41. Qc1 Ra7 42. Qb2 Ra5 43. Qc1 Ra2 44. Qb1 Ra5 45. Rd3 Ra7 46. Rd1 Ra5 47. Bc8 Nd8 48. Bh3 Nc6 49. Qc1 Ra7 50. Qb2 Ra5 51. Qc1 Ra7 52. Qb2 Ra5 53. Qc1 1/2-1/2

[Event "IND-ch 57th"]
[Site "Majitar"]
[Date "2019.12.16"]
[Round "8"]
[White "Chilukuri, Sai Varshith"]
[Black "Gusain, Himal"]
[Result "0-1"]
[WhiteElo "2118"]
[BlackElo "2412"]
[PlyCount "54"]
[EventDate "2019.12.10"]
[EventType "swiss"]
[EventRounds "11"]
[EventCountry "IND"]
[SourceTitle "CBM 193 Extra"]
[Source "ChessBase"]
[SourceDate "2020.01.31"]
[SourceVersion "1"]
[SourceVersionDate "2020.01.31"]
[SourceQuality "1"]

1. d4 Nf6 2. c4 c5 3. d5 b5 4. cxb5 a6 5. bxa6 Bxa6 6. Nc3 g6 7. e4 Bxf1 8. Kxf1 d6 9. g3 Bg7 10. Kg2 Nbd7 11. Nf3 0-0 12. a4 Qa5 13. Nd2 Nb6 14. Ra3 c4 15. Nf3 Ng4 16. h3 Ne5 17. Nd4 Qa6 18. a5 Nbd7 19. f4 Nd3 20. Nc6 Rfe8 21. Rf1 e6 22. Ra2 N7c5 23. Qd2 exd5 24. exd5 Nb3 25. Qc2 Bxc3 26. bxc3 Qb5 27. Nb4 Ne1+ 0-1

[Event "Gujarat op 2nd"]
[Site "Ahmedabad"]
[Date "2019.09.24"]
[Round "4"]
[White "Chilukuri, Sai Varshith"]
[Black "Sanket, Chakravarty"]
[Result "1/2-1/2"]
[WhiteElo "1813"]
[BlackElo "2158"]
[PlyCount "40"]
[EventDate "2019.09.22"]
[EventType "swiss"]
[EventRounds "10"]
[EventCountry "IND"]
[SourceTitle "EXT 2020"]
[Source "ChessBase"]
[SourceDate "2019.10.17"]
[SourceVersion "1"]
[SourceVersionDate "2019.10.17"]
[SourceQuality "1"]

1. d4 Nf6 2. c4 e6 3. Nc3 d5 4. cxd5 exd5 5. Bg5 Nbd7 6. e3 Be7 7. Bd3 c6 8. Nge2 0-0 9. Qc2 Re8 10. 0-0 Nf8 11. h3 Ng6 12. Rab1 b6 13. Rfd1 Be6 14. Rbc1 b5 15. Nf4 Bd7 16. Bf5 Rc8 17. Bxd7 Qxd7 18. Bxf6 Bxf6 19. Nce2 Be7 20. Nd3 Bd6 1/2-1/2

[Event "Udaipur Lakecity op 1st"]
[Site "Udaipur"]
[Date "2019.09.19"]
[Round "9"]
[White "Abu Sufian, Sakil"]
[Black "Chilukuri, Sai Varshith"]
[Result "1/2-1/2"]
[WhiteElo "2255"]
[BlackElo "1813"]
[PlyCount "82"]
[EventDate "2019.09.13"]
[EventType "swiss"]
[EventRounds "10"]
[EventCountry "IND"]
[SourceTitle "EXT 2020"]
[Source "ChessBase"]
[SourceDate "2019.10.17"]
[SourceVersion "1"]
[SourceVersionDate "2019.10.17"]
[SourceQuality "1"]

1. e4 c5 2. Nf3 g6 3. d4 cxd4 4. Nxd4 Bg7 5. Nc3 Nc6 6. Be3 Nf6 7. Be2 0-0 8. Nb3 d6 9. 0-0 Be6 10. f4 Rc8 11. Kh1 Na5 12. Nxa5 Qxa5 13. Bf3 Nd7 14. Bd4 Bxd4 15. Qxd4 Qb6 16. Qxb6 Nxb6 17. Rf2 Rc5 18. Nd1 Rfc8 19. c3 a5 20. b3 a4 21. c4 Ra8 22. Rb1 axb3 23. axb3 Rca5 24. Nc3 Bd7 25. Rd2 Bc6 26. Kg1 Ra1 27. Rdd1 Rxb1 28. Rxb1 Ra3 29. Ne2 Nd7 30. Nd4 Nc5 31. Nxc6 bxc6 32. b4 Rb3 33. Rxb3 Nxb3 34. b5 cxb5 35. cxb5 e5 36. b6 Nc5 37. fxe5 dxe5 38. Be2 Kf8 39. Bc4 Ke7 40. Bd5 Kd6 41. g4 f6 1/2-1/2

[Event "Udaipur Lakecity op 1st"]
[Site "Udaipur"]
[Date "2019.09.16"]
[Round "5"]
[White "Nayak, Rajesh"]
[Black "Chilukuri, Sai Varshith"]
[Result "1-0"]
[WhiteElo "2227"]
[BlackElo "1813"]
[PlyCount "61"]
[EventDate "2019.09.13"]
[EventType "swiss"]
[EventRounds "10"]
[EventCountry "IND"]
[SourceTitle "EXT 2020"]
[Source "ChessBase"]
[SourceDate "2019.10.17"]
[SourceVersion "1"]
[SourceVersionDate "2019.10.17"]
[SourceQuality "1"]

1. Nf3 Nf6 2. g3 g6 3. Bg2 Bg7 4. 0-0 0-0 5. d3 d5 6. c3 c5 7. Qa4 Nbd7 8. Qh4 b6 9. Bh6 Bb7 10. Nbd2 e6 11. Rad1 Nh5 12. Qxd8 Rfxd8 13. Bxg7 Nxg7 14. Rfe1 b5 15. e4 Nb6 16. b3 dxe4 17. Nxe4 Bxe4 18. dxe4 f6 19. e5 f5 20. Ng5 Rab8 21. Rd6 Re8 22. Bc6 Re7 23. Red1 Rf8 24. Bxb5 h6 25. Nh3 Nd5 26. Rc1 g5 27. f4 gxf4 28. c4 Ne3 29. Nxf4 Kf7 30. h3 a6 31. Ba4 1-0

[Event "IND-ch U13 33rd"]
[Site "Visakhapatnam"]
[Date "2019.05.09"]
[Round "8"]
[White "Krishnan, Ritvik"]
[Black "Chilukuri, Sai Varshith"]
[Result "1-0"]
[WhiteElo "1685"]
[BlackElo "1888"]
[PlyCount "157"]
[EventDate "2019.05.04"]
[EventType "swiss"]
[EventRounds "11"]
[EventCountry "IND"]
[SourceTitle "CBM 190 Extra"]
[Source "ChessBase"]
[SourceDate "2019.07.15"]
[SourceVersion "1"]
[SourceVersionDate "2019.07.15"]
[SourceQuality "1"]

1. e4 c5 2. Nf3 g6 3. c3 Bg7 4. d4 cxd4 5. cxd4 d5 6. e5 Nc6 7. Bb5 Nh6 8. h3 0-0 9. Nc3 Bf5 10. g4 Be4 11. Be3 f6 12. 0-0 Nf7 13. e6 Nd6 14. Bxc6 bxc6 15. Ne1 Nc4 16. Bc1 g5 17. f3 Bg6 18. f4 f5 19. fxg5 fxg4 20. Qxg4 Rxf1+ 21. Kxf1 Qf8+ 22. Kg2 Bf5 23. Qf4 Bxe6 24. Nf3 Qxf4 25. Bxf4 Rf8 26. Kg3 Nxb2 27. Re1 Kf7 28. g6+ hxg6 29. Ng5+ Kg8 30. Nxe6 Nd3 31. Nxf8 Nxe1 32. Ne6 Bf6 33. Be3 Nc2 34. Bf2 Nb4 35. a3 Nc2 36. Nb1 c5 37. dxc5 Kf7 38. Nf4 e6 39. c6 Be5 40. Kg4 d4 41. Nd3 Bd6 42. Bg3 Ne3+ 43. Kf3 Bxg3 44. Kxg3 Ke7 45. c7 Kd7 46. Nc5+ Kxc7 47. Nxe6+ Kd6 48. Nxd4 Kd5 49. Ne2 Ke4 50. Nbc3+ Kf5 51. Nd4+ Kf6 52. Nc6 a6 53. Nb4 Nc4 54. a4 a5 55. Nc6 Kf5 56. Kf3 Kg5 57. Ne4+ Kh4 58. Kg2 Nb6 59. Nc5 Nc4 60. Ne7 g5 61. Nf5+ Kh5 62. Kf3 Ne5+ 63. Ke4 Ng6 64. Nb7 g4 65. hxg4+ Kxg4 66. Nxa5 Nf8 67. Nc6 Ne6 68. Ne3+ Kg3 69. a5 Nc7 70. Nb4 Kf2 71. Ned5 Nb5 72. a6 Ke2 73. Nc6 Kd2 74. Nd4 Na7 75. Nb4 Kc3 76. Nbc6 Nc8 77. Kd5 Nb6+ 78. Kc5 Nc8 79. Nb5+ 1-0